[Event "Vladivostok op-A"]
[Site "Vladivostok"]
[Date "2010.08.10"]
[Round "7"]
[White "Fatkulin, Andrey"]
[Black "Kozenko, Evgeniy"]
[Result "1/2-1/2"]
[WhiteElo "2226"]
[BlackElo "2349"]
[PlyCount "134"]
[EventDate "2010.08.04"]
[EventType "swiss"]
[EventRounds "9"]
[EventCountry "RUS"]
[SourceTitle "CBM 138 Extra"]
[Source "ChessBase"]
[SourceDate "2010.10.29"]
[SourceVersion "1"]
[SourceVersionDate "2010.10.29"]
[SourceQuality "1"]

1. d4 d5 2. c3 Nf6 3. f4 Ne4 4. Nf3 g6 5. e3 Bg7 6. Bd3 Nd6 7. Nbd2 Bf5 8. Bxf5 Nxf5 9. Qe2 c6 10. e4 dxe4 11. Nxe4 h5 12. 0-0 Nd7 13. Ne5 Nxe5 14. fxe5 Qd5 15. Bf4 0-0 16. b3 a5 17. Rad1 a4 18. c4 Qa5 19. Bc1 axb3 20. axb3 Qb6 21. Rxf5 gxf5 22. Nc5 Rfd8 23. Bg5 Rxd4 24. Rxd4 Qxc5 25. Qe3 Bxe5 26. Rd7 Qxe3+ 27. Bxe3 f4 28. Bc5 e6 29. Rxb7 Rb8 30. Rxb8+ Bxb8 31. Kf2 Kg7 32. Ke2 Kf6 33. b4 Kf5 34. Kd3 e5 35. h3 e4+ 36. Kc3 Be5+ 37. Kc2 Ke6 38. Bf2 Bd6 39. Kc3 Be5+ 40. Kc2 Kf5 41. Ba7 f3 42. gxf3 exf3 43. Kd3 Kf4 44. Bf2 f5 45. b5 cxb5 46. cxb5 Bc7 47. Kd2 Bd8 48. Ke1 Bc7 49. Kf1 Ba5 50. Kg1 Bc7 51. Kh1 Ba5 52. Kh2 Bd8 53. b6 Ke4 54. Kg1 Kf4 55. b7 Bc7 56. Kf1 Bb8 57. Bh4 Ba7 58. Ke1 Bb8 59. Kd2 Ke4 60. Bf2 Kd5 61. Ke3 Kc6 62. Kxf3 Kxb7 63. Bg3 Bc7 64. Bxc7 Kxc7 65. Kf4 Kd7 66. Kxf5 Ke7 67. h4 Kf7 1/2-1/2

[Event "Vladivostok City at Sea-A"]
[Site "Vladivostok"]
[Date "2009.07.29"]
[Round "5"]
[White "Meshalkin, Yury P"]
[Black "Kozenko, Evgeniy"]
[Result "0-1"]
[WhiteElo "2361"]
[BlackElo "2358"]
[PlyCount "88"]
[EventDate "2009.07.25"]
[EventType "tourn"]
[EventRounds "9"]
[EventCountry "RUS"]
[EventCategory "3"]
[SourceTitle "EXT 2022"]
[Source "ChessBase"]
[SourceDate "2021.10.06"]
[SourceVersion "1"]
[SourceVersionDate "2021.10.06"]
[SourceQuality "1"]

1. d4 d5 2. c4 c6 3. Nc3 Nf6 4. Nf3 e6 5. e3 Nbd7 6. Bd3 dxc4 7. Bxc4 b5 8. Bb3 Bb7 9. 0-0 a6 10. Qe2 c5 11. dxc5 Nxc5 12. Rd1 Qb6 13. Bc2 Nce4 14. Nxe4 Nxe4 15. Rd4 Nf6 16. b3 Bc5 17. Rh4 h6 18. Bb2 Ke7 19. b4 Bd6 20. Rd1 Bd5 21. e4 Bc4 22. Qe1 Bc7 23. Bd4 Qb7 24. Bc5+ Ke8 25. e5 Nd5 26. Rxc4 bxc4 27. Ba4+ Kd8 28. Nd4 Kc8 29. Bc6 Qb8 30. f4 Bb6 31. Bxd5 exd5 32. Qh4 Qc7 33. Bxb6 Qxb6 34. Qg4+ Kc7 35. e6 g6 36. f5 fxe6 37. Qg3+ Kb7 38. fxe6 Qc7 39. Qf3 Rad8 40. a4 Rhf8 41. Qe3 Qf4 42. Qxf4 Rxf4 43. b5 axb5 44. axb5 Re8 0-1